Welcome to CU Library Online Public Access Catalogue (OPAC)

Evidence-Based Medicine/ (Record no. 2681)

MARC details
000 -LEADER
fixed length control field 00648nam a22001937a 4500
005 - DATE AND TIME OF LATEST TRANSACTION
control field 20250118154528.0
008 - FIXED-LENGTH DATA ELEMENTS--GENERAL INFORMATION
fixed length control field 250118b |||||||| |||| 00| 0 eng d
020 ## - INTERNATIONAL STANDARD BOOK NUMBER
International Standard Book Number 9780443074448
050 ## - LIBRARY OF CONGRESS CALL NUMBER
Classification number R723.7
Item number .E954
100 ## - MAIN ENTRY--PERSONAL NAME
Personal name Straus, Sharon E.
245 ## - TITLE STATEMENT
Title Evidence-Based Medicine/
Remainder of title how to practice and teach EBM
Statement of responsibility, etc. Sharon E. Straus, W. Scott Richardson, Paul Glasziou, R. Brain Haynes
250 ## - EDITION STATEMENT
Edition statement 3rd ed.
260 ## - PUBLICATION, DISTRIBUTION, ETC.
Place of publication, distribution, etc. Edinburgh
Name of publisher, distributor, etc. Elsevier/ Churchill Livingstone
Date of publication, distribution, etc. 2005
300 ## - PHYSICAL DESCRIPTION
Extent xvi. 299p.
Other physical details ill. some color
Dimensions 19cm
700 ## - ADDED ENTRY--PERSONAL NAME
Personal name Richardson, W. Scott
700 ## - ADDED ENTRY--PERSONAL NAME
Personal name Glasziou, Paul
700 ## - ADDED ENTRY--PERSONAL NAME
Personal name Haynes, R. Brain
942 ## - ADDED ENTRY ELEMENTS (KOHA)
Source of classification or shelving scheme Library of Congress Classification
Koha item type Books
Edition 3rd ed.
Suppress in OPAC No
999 ## -
-- 2681
-- 2681
Holdings
Withdrawn status Lost status Source of classification or shelving scheme Damaged status Not for loan Collection Home library Current library Shelving location Date acquired Total checkouts Full call number Barcode Date last seen Copy number Price effective from Koha item type
    Library of Congress Classification     Non-fiction Science Library (Miotso) Science Library (Miotso) General stacks 01/18/2025   R723.7 .E954 STR SLM00002036 01/18/2025 1 01/18/2025 Books
    Library of Congress Classification     Non-fiction Science Library (Miotso) Science Library (Miotso) General stacks 01/18/2025   R723.7 .E954 STR SLM00002037 01/18/2025 2 01/18/2025 Books
    Library of Congress Classification     Non-fiction Science Library (Miotso) Science Library (Miotso) General stacks 01/18/2025   R723.7 .E954 STR SLM00002038 01/18/2025 3 01/18/2025 Books
    Library of Congress Classification     Non-fiction Science Library (Miotso) Science Library (Miotso) General stacks 01/18/2025   R723.7 .E954 STR SLM00002039 01/18/2025 4 01/18/2025 Books
    Library of Congress Classification     Non-fiction Science Library (Miotso) Science Library (Miotso) General stacks 01/18/2025   R723.7 .E954 STR SLM00002040 01/18/2025 5 01/18/2025 Books
© 2023-2024 Copyright: Central University Libraries. All Rights Reserved | Created by: Mahone Tech Office